Delito de contaminación acústica : dos aportes fundamentales desde el principio de proporcionalidad y el funcionalismo normativo de Günther Jakobs /

Bibliographic Details
Main Author: Medina Sanjinez, Guillermo Evaristo (Author)
Format: Electronic eBook
Language:Spanish
Published: Santiago, Chile : Ediciones Olejnik, [2022]
Series:Biblioteca de derecho penal y procesal penal.
Subjects:
Online Access:Digitalia Hispánica

MARC

LEADER 00000nam a2200000Ii 4500
001 DIGOLEJNK1198
003 NyNyDIG
006 m o d
007 cr |||||||||||
008 251203s2022 cl ob 000 0 spa d
035 |a (OCoLC)1560009948 
040 |a DGITA  |b eng  |e rda  |e pn  |c DGITA 
020 |z 9789564071695 
050 1 4 |a K3595 ebook 
100 1 |a Medina Sanjinez, Guillermo Evaristo,  |e author. 
245 1 0 |a Delito de contaminación acústica :  |b dos aportes fundamentales desde el principio de proporcionalidad y el funcionalismo normativo de Günther Jakobs /  |c Guillermo Evaristo Medina Sanjinez. 
264 1 |a Santiago, Chile :  |b Ediciones Olejnik,  |c [2022] 
300 |a 1 online resource. 
336 |a text  |b txt  |2 rdacontent 
337 |a computer  |b c  |2 rdamedia 
338 |a online resource  |b cr  |2 rdacarrier 
347 |a text file  |2 rdaft 
347 |b PDF 
490 1 |a Biblioteca de derecho penal y procesal penal 
504 |a Includes bibliographical references. 
588 0 |a Online resource; title from PDF title page (Digitalia, viewed December 3, 2025) 
600 1 0 |a Jakobs, Günther  |x Criticism and interpretation. 
650 0 |a Noise control  |x Law and legislation. 
650 0 |a Liability for noise pollution damages. 
791 2 |a Digitalia (Firm),  |e distributor. 
793 0 |g Digitalia eBook Collection:  |a Ediciones Olejnik 
776 0 8 |i Print version:  |a Medina Sanjinez, Guillermo Evaristo.  |t Delito de contaminación acústica.  |b Primera edición en Ediciones Olejnik.  |d Santiago, Chile : Ediciones Olejnik, 2022  |z 9789564071695 
830 0 |a Biblioteca de derecho penal y procesal penal. 
856 4 0 |3 Digitalia Hispánica  |u https://www.digitaliapublishing.com/a/157704/ 
910 |a Premium collection: 2025